History of ancient India: Earliest times to 1200 A.D. (Record no. 7544)

MARC details
000 -LEADER
fixed length control field 00510nam a2200169Ia 4500
008 - FIXED-LENGTH DATA ELEMENTS--GENERAL INFORMATION
fixed length control field 230917s9999||||xx |||||||||||||| ||und||
020 ## - ISBN
Price RS 395.00
040 ## - CATALOGING SOURCE
-- 5006683
Original cataloging agency VIVEKANANDA LIBRARY
041 ## - Language
-- English
082 ## - DDC NUMBER
Classification number 954.01 C395H
100 ## - MAIN ENTRY--PERSONAL NAME
Personal name Chaurasia, Radhey Shyam
245 #0 - TITLE STATEMENT
Title History of ancient India: Earliest times to 1200 A.D.
260 ## - PUBLICATION, DISTRIBUTION, ETC. (IMPRINT)
Place of publication, distribution, etc New Delhi
Name of publisher, distributor, etc Atlanitc Publishers and Distributors
Date of publication, distribution, etc 2014
300 ## - PHYSICAL DESCRIPTION
Pages xi, 308 p.
500 ## - GENERAL NOTE
General note 4854 22/12/2022 APD21/1128047 06/10/2021 Main Budget
942 ## - ADDED ENTRY ELEMENTS (KOHA)
Koha item type Books
Holdings
Withdrawn status Lost status Damaged status Not for loan Location (home branch) Sublocation or collection (holding branch) Date acquired Koha issues (times borrowed) Koha full call number Accession No. Koha date last seen Koha item type
        VIVEKANANDA LIBRARY VIVEKANANDA LIBRARY 28/10/2021   954.01 C395H 397173 17/09/2023 Books
        VIVEKANANDA LIBRARY VIVEKANANDA LIBRARY 28/10/2021 3 954.01 C395H 405921 20/01/2026 Books
© Designed and Maintained by Vivekananda Library, MDU Rohtak